MARC

LEADER 00000nam0a2200000 4500
001 323644
005 20231102003605.0
035 |a (RuTPU)RU\TPU\book\349231 
035 |a RU\TPU\book\302012 
090 |a 323644 
100 |a 20161025d1966 m y0rusy5003 ca 
101 0 |a rus 
102 |a RU 
105 |a a j 001zy 
200 1 |a Технология изделий из легкого бетона  |e учебное пособие  |f Г. С. Бурлаков, А. Г. Комар 
210 |a Москва  |c Высшая школа  |d 1966 
215 |a 351 с.  |c ил. 
320 |a Библиогр.: с. 347-348 
606 1 |a Бетон легкий  |x Производство  |x Механизация  |2 stltpush  |3 (RuTPU)RU\TPU\subj\35505  |9 57171 
610 1 |a классификация 
610 1 |a свойства 
610 1 |a материалы 
610 1 |a пористые заполнители 
610 1 |a вяжущие вещества 
610 1 |a изготовление 
610 1 |a технология 
610 1 |a качество 
610 1 |a контроль 
610 1 |a учебные пособия 
675 |a 666.973(075.8)  |v 4 
700 1 |a Бурлаков  |b Г. С.  |g Герман Сергеевич  |4 070 
701 1 |a Комар  |b А. Г.  |g Алексей Георгиевич 
801 0 |a RU  |b 63413507  |c 19950704  |g psbo 
801 1 |a RU  |b 63413507  |c 20141215 
801 2 |a RU  |b 63413507  |c 20171128  |g RCR 
942 |c BK